| 000 | 00526cam a2200205 i 4500 | ||
|---|---|---|---|
| 001 | 3716906 | ||
| 005 | 20180202043623.0 | ||
| 008 | 800522s1981 nyua 001 0 eng | ||
| 010 | _a 80017000 | ||
| 020 |
_a0070176450 : _c$16.95 (est.) |
||
| 040 |
_aDLC _cDLC _dDLC |
||
| 041 | _aeng | ||
| 080 | _a630.68 | ||
| 082 | 0 | 0 | _a630.68 DOW |
| 100 | 1 | _a9 | |
| 101 | _aMJE | ||
| 245 | 1 | 0 |
_aAgribusiness management / _cW. David Downey, John K. Trocke. |
| 906 |
_a7 _bcbc _corignew _d1 _eocip _f19 _gy-gencatlg |
||
| 942 |
_2ddc _cBK |
||
| 999 |
_c41604 _d41604 |
||